Can You Name Every World in the Sims 4? - Statistics

General Stats
  • This quiz has been taken 130 times
  • The average score is 15 of 25
Answer Stats
Pack World % Correct
Base Game Oasis Springs
94%
Base Game Willow Creek
94%
Base Game Newcrest
90%
City Living San Myshuno
83%
Get Together Windenberg
80%
Journey to Batuu Batuu
70%
Island Living Sulani
70%
Vampires Forgotten Hollow
69%
Get to Work Magnolia Promenade
69%
Strangerville Strangerville
69%
Cats and Dogs Brindleton Bay
64%
Get Famous Del Sol Valley
61%
My Wedding Stories Tartosa
61%
Cottage Living Henford on Bagley
56%
Growing Together San Sequoia
56%
Discover University Britechester
55%
Snowy Escape Mt. Komorebi
54%
Jungle Adventure Selvadorada
51%
Outdoor Retreat Granite Falls
49%
High School Years Copperdale
46%
Realm of Magic Glimmerbrook
43%
Eco Lifestyle Evergreen Harbor
42%
Werewolves Moonwood Mill
39%
Horse Ranch Chestnut Ridge
38%
For Rent Tomarang
36%
No matching quizzes found
Score Distribution
Percent of People with Each Score
Percentile by Number Answered
Your Score History
You have not taken this quiz